000 00550 a2200193 4500
001 61430
005 20260407155905.0
008 260407a1973 arg spa d
003 AR-UNSa-BCEJYS
040 _aAR-UNSa-BCEJYS
_bspa
_cAR-UNSa-BCEJYS
080 _a347.4
_xObligaciones. Contratos. Acuerdos. Convenios
245 1 0 _aTratado de las obligaciones
264 1 _aBuenos Aires :
_bAstrea
_c1973
300 _a590 p.
_c23 cm.
041 _aspa
942 _cBK
590 _aniveau_biblio:m niveau_hierar:0
100 1 _aBoffi Boggero, Luis MarĂ­a
999 _c7310
_d7310